Pape de 910 à 1274 - Statistiques

Statistiques générales
  • Ce quiz a été pris 13 fois
  • Le résultat moyen est 34 sur 84
Statistiques - réponses
Hint Réponse % Correct
996-999 Grégoire V
89%
914-928 Jean X
89%
1012-1013 (Anti-pape) Gregoire VI
78%
1045-1046 Grégoire VI
78%
1073-1085 Grégoire VII
78%
1118-1121 (Anti-pape) Grégoire VIII
78%
1187 Grégoire VIII
78%
1130-1143 Innocent II
78%
1179-1180 (Anti-pape) Innocent III
78%
1198-1216 Innocent III
78%
931-936 Jean XI
78%
955-963 Jean XII
78%
965-972 Jean XIII
78%
985-996 Jean XV
78%
1088-1099 (Bienheureux) Urbain II
78%
1046-1047 Clément II
67%
1271-1276 Grégoire X
67%
997-998 (Anti-pape) Jean XVI
67%
1003-1003 Jean XVII
67%
1003-1009 Jean XVIII
67%
1099-1118 Pascal II
67%
1164-1168 (Anti-pape) Pascal II
67%
999-1003 Sylvestre II
67%
1061-1073 Alexandre II
56%
1159-1181 Alexandre III
56%
1254-1261 Alexandre IV
56%
1080-1100 (Anti-pape) Clément III
56%
1187-1191 Clément III
56%
1227-1241 Grégoire IX
56%
1061-1064 (Anti-pape) Honorius II
56%
1124-1130 Honorius II
56%
983-984 Jean XIV
56%
928-929 Léon VI
56%
1185-1187 Urbain III
56%
1119-1124 Calixte II
44%
1216-1227 Honorius III
44%
1243-1254 Innocent IV
44%
1024-1032 Jean XIX
44%
936-939 Léon VII
44%
963-965 Léon VIII
44%
1058-1061 Nicolas II
44%
904-911 Serge III
44%
1045 Sylvestre III
44%
964-964 Benoit V
33%
1168-1178 (Anti-pape) Calixte III
33%
1265-1268 Clément IV
33%
1118-1119 Gélase II
33%
1009-1012 Serge IV
33%
1105-1111 (Anti-pape) Sylvestre IV
33%
1261-1264 Urbain IV
33%
1154-1159 Adrien IV
22%
1130-1138 (Anti-pape) Anaclet II
22%
973-974 Benoit VI
22%
974-983 Benoit VII
22%
1012-1024 Benoit VIII
22%
974-974 Boniface VII
22%
984-985 (Anti-pape) Boniface VII
22%
929-931 Etienne VII
22%
939-942 Etienne VIII
22%
1145-1153 Eugène III
22%
1144-1145 Lucius II
22%
1181-1185 Lucius III
22%
1138 (Anti-pape, éphémère) Victor IV
22%
1159-1164 (Anti-pape) Victor IV
22%
946-955 Agapet II
11%
911-913 Anastase III
11%
1153-1154 Anastase IV
11%
1032-1044 Benoit IX
11%
1045 Benoit IX
11%
1047-1048 Benoit IX
11%
1048 Damase II
11%
913-914 Landon
11%
942-946 Marin II
11%
1055-1057 Victor II
11%
1086-1087 (Bienheureux) Victor III
11%
1101 (Anti-pape capturé quelques jours après) Albert
0%
1058-1059 (Anti-pape) Benoit X
0%
1124 Célestin II
0%
1043-1144 Célestin II
0%
1191-1198 Célestin III
0%
1241 Célestin IV
0%
1057-1058 Etienne IX (X)
0%
1049-1054 Saint Léon
0%
1100-1101 (Anti-pape) Thierry
0%
Aucun quiz correspondant
Distribution des résultats
% des personnes avec chaque résultat
Percentile par nombre de réponses
Votre historique - résultats
Vous n’avez pas pris ce quiz